00985cam a22003494i 4500003000900000005001700009008004100026035001900067040003300086082002300119100002400142245005500166264004400221300003800265336002100303337002500324338002300349505010800372526001000480526001000490526001000500526001000510526000800520526000800528526000800536526000800544526000800552526000800560526000800568650002900576650003000605PE-LiUPU20250731173210.0150625s1982 sp r 000 0 spa d a(Sirsi) a31999 aPE-LiUPUbspacPE-LiUPUerda04a220.66412bE242211 aMateos, J.,eautor.10aAnálisis Semiótico de los Textos /cJ. Mateos. 1aMadrid :bEdiciones Cristiandad,c1982. a239 páginas ;c21 centímetros atext2rdacontent aunmediated2rdamedia avolume2rdacarrier0 aLas estructuras de superficie -- Las estructuras profundas -- Ejercicio Practico: Analisis de un texto. aSEG42 aSEG41 aSEG40 aSEG39 aP94 aP87 aP86 aP85 aP77 aP76 aP3514aAnálisis del discurso.24aSemiótica y literatura.